Piłkarska kariera Johna Arne Riise. - Statystyki

Ogólne statystyki
  • Ten quiz został rozwiązany 20 razy
  • Średni wynik to 3 z 9
Statystyki odpowiedzi
Lata Drużyna % Poprawnych
2001-2008 Liverpool
100%
2008-2011 Roma
60%
2011-2014 Fulham
45%
1997-1999 Aalesund
15%
2016-2016 Aalesund
15%
2014-2015 APOEL
15%
2016-2016 Chennaiyin
15%
1999-2001 Monaco
15%
2015-2016 Delhi Dynamos
10%
Nie znaleziono quizów pasujących do podanych kryteriów
Rozkład punktacji
Procent ludzi z każdym wynikiem
Percentyl według liczby udzielonych odpowiedzi
Twoja historia wyników
Nie rozwiązałeś tego quizu